000 00306nam a22001337a 4500
008 180315b xxu||||| |||| 00| 0 eng d
020 _a9780534579159
041 _aeng
080 _a316
100 _a50
101 _aSOC
245 _aReadings in social research methods
_cWysocki,D.K
942 _2udc
_cBK
999 _c45131
_d45131